| 000 | 00442nam a22001817a 4500 | ||
|---|---|---|---|
| 003 | OSt | ||
| 005 | 20230705144927.0 | ||
| 008 | 230705b |||||||| |||| 00| 0 eng d | ||
| 020 | _a9781471146725 | ||
| 082 |
_a338.7 _bKNIS |
||
| 100 | _aKNIGHT, Phil | ||
| 245 | _aShoe dog : a memoir by the creator of nike | ||
| 260 |
_aNew Delhi _bSimon & Schuster _c2018 |
||
| 300 | _a386p | ||
| 546 | _aEnglish | ||
| 650 | _aEconomics | ||
| 942 |
_2ddc _cBK |
||
| 999 |
_c3212 _d3212 |
||